Sports Quiz

Random Sports or Soccer Quiz

Napoli Serie A Goal Scorers Since 2004-2005 Quiz Stats

 Plays Quiz not verified by Sporcle

Support Sporcle.
Go Orange.
Score 0/74 Timer 10:00
1 Play Today
Goals Player % Correct
100Marek Hamsik
98.2%
102Dries Mertens
98.2%
83Lorenzo Insigne
95.8%
78Edinson Cavani
91.5%
71Gonzalo Higuain
91.5%
64Jose Callejon
91.5%
10Kalidou Koulibaly
90.9%
38Arkadiusz Milik
86.7%
38Ezequiel Lavezzi
84.2%
10Allan
83.6%
3Mario Rui
81.2%
1Elseid Hysaj
80.9%
23Piotr Zielinski
78.2%
3Faouzi Ghoulam
75.2%
6Raul Albiol
73.9%
4Kostas Manolas
70.9%
2Jorginho
68.5%
6Paolo Cannavaro
66.7%
20Christian Maggio
62.4%
13Hirving Lozano
60%
11Matteo Politano
57.7%
8Victor Osimhen
57.7%
9Gokhan Inler
57.6%
4Andrea Petagna
55.8%
10Fabian
55.8%
2Tiemoue Bakayoko
51.6%
16Blerim Dzemaili
50.3%
5Giovanni Di Lorenzo
50.3%
11Fabio Quagliarella
47.3%
4Hugo Campagnaro
46.7%
2Nikola Maksimovic
46.7%
4Walter Gargano
44.8%
3Fernando Llorente
44.8%
4Camilo Zuniga
41.8%
11Duvan Zapata
41.8%
1Amadou Diawara
41.2%
3Diego Demme
41.2%
Goals Player % Correct
19Goran Pandev
40.6%
16Manolo Gabbiadini
40.6%
2David Lopez
40%
4Amin Younes
38.8%
3Adam Ounas
38.2%
3Andrea Dossena
35.8%
13German Denis
32.7%
3Vlad Chiriches
32.7%
2Marko Rog
30.9%
3Eljif Elmas
29.7%
3Simone Verdi
29.1%
12Marcelo Zalayeta
27.3%
6Roberto Sosa
27.3%
1Jose Sosa
27.3%
2Emanuele Calaio
25.5%
3Miguel Britos
24.8%
1Cristiano Lucarelli
22.4%
1Jesus Datolo
20.6%
3Jonathan de Guzman
20.6%
1Omar El Kaddouri
20.6%
3Lorenzo Tonelli
20.6%
1Emanuele Giaccherini
20.6%
4Michele Pazienza
20%
1Henrique
20%
8Maurizio Domizzi
19.4%
6Mariano Bogliacino
18.8%
4Giuseppe Mascara
15.2%
4Pia
14.5%
1Giandomenico Mesto
14.5%
1Francesco Montervino
13.9%
1Alessandro Gamberini
12.1%
2Luca Cigarini
11.5%
1Matteo Contini
10.9%
1Luigi Vitale
9.1%
1Leonardo Rinaudo
9.1%
1Gyorgy Garics
7.3%
2Daniele Mannini
6.1%

You're not logged in!

Compare scores with friends on all Sporcle quizzes.
OR
Log In

From the Vault

Matt Millen Picks

by detroitwhat22

For this Thanksgiving, I am thankful that Matt Millen is an analyst and no longer with the Lions.
Remove Ads.
Support Sporcle.
Get the best of Sporcle when you Go Orange. This ad-free experience offers more features, more stats, and more fun while also helping to support Sporcle. Thank you for becoming a member.

Show Comments

Extras

Top Quizzes Today


Score Distribution

Your Account Isn't Verified!

In order to create a playlist on Sporcle, you need to verify the email address you used during registration. Go to your Sporcle Settings to finish the process.

Report this User

Report this user for behavior that violates our Community Guidelines.

Details: